| 000 | 00673nam a2200205 i 4500 | ||
|---|---|---|---|
| 001 | 81079 | ||
| 003 | ES-MaACL | ||
| 005 | 20250728232929.0 | ||
| 007 | t| | ||
| 008 | 041102s1912 fr ||||1| fre d | ||
| 100 | 1 |
_aHolleman, A. F. _964030 |
|
| 245 | 1 | 0 |
_aTraité de chimie Inorganique / _cpar A.F. Holleman ; transcrite par E.H. Racine ; revué et augmentée par l'auteur, avec un préface de Ph. A. Guye. |
| 260 |
_aParis : _bL. Geisler, _c1912. |
||
| 300 |
_a519 p. : _bil. ; _c24 cm. |
||
| 650 | 0 | 7 |
_aQuímica inorgánica _2embne _916638 |
| 700 | 1 |
_aRacine, E.H. _994886 |
|
| 700 | 1 |
_aGuye, Ph. A. _961265 |
|
| 852 |
_aES-MaACL _jG-13810 |
||
| 999 |
_c81079 _d81079 |
||